| 000 | 00760nam a2200253 a 4500 | ||
|---|---|---|---|
| 001 | 23703 | ||
| 003 | BD-RjUL | ||
| 005 | 20211209000948.0 | ||
| 008 | 140311r19601948enk 001 0 eng d | ||
| 035 | _aoxf98310806 | ||
| 035 | _a(BD-RjUL)23768 | ||
| 040 |
_aPLF _cPLF _dEQO _dBD-RjUL _beng |
||
| 041 | _aeng | ||
| 082 | 0 | 4 |
_a920 _bSTB 1960 |
| 100 | 1 |
_aStrachey, Lytton, _d1880-1932. _964260 |
|
| 245 | 1 | 0 |
_aBiographical essays / _cby Lytton Strachey. |
| 260 |
_aLondon : _bChatto & Windus, _c1948 [reprinted 1960]. |
||
| 300 |
_a294 p. ; _c20 cm. |
||
| 500 | _aCompanion volume to the author's Literary essays | ||
| 504 | _aIncludes bibliographical reference and index . | ||
| 650 | 0 |
_aBiography. _972985 |
|
| 942 |
_2ddc _cBK |
||
| 999 |
_c23703 _d23703 |
||